Alphabetical Countries by Borders - Statistics

General Stats
  • This quiz has been taken 8 times
  • The average score is 40 of 49
Answer Stats
Hint Answer % Correct
Brazil Argentina
100%
Brazil Bolivia
100%
Brazil Guyana
100%
Brazil Paraguay
100%
Brazil Suriname
100%
Brazil Uruguay
100%
Brazil Venezuela
100%
Brazil Colombia
86%
Djibouti Eritrea
86%
Djibouti Ethiopia
86%
Brazil France
86%
Afghanistan Iran
86%
Saudi Arabia Iraq
86%
Saudi Arabia Jordan
86%
Saudi Arabia Kuwait
86%
Botswana Namibia
86%
Saudi Arabia Oman
86%
Afghanistan Pakistan
86%
Brazil Peru
86%
Saudi Arabia Qatar
86%
Ukraine Russia
86%
Djibouti Somalia
86%
Botswana South Africa
86%
Italy Switzerland
86%
Afghanistan Tajikistan
86%
Afghanistan Turkmenistan
86%
Saudi Arabia United Arab Emirates
86%
Afghanistan Uzbekistan
86%
Italy Vatican City
86%
Saudi Arabia Yemen
86%
Botswana Zambia
86%
Botswana Zimbabwe
86%
Italy Austria
71%
Ukraine Belarus
71%
Burkina Faso Benin
71%
Afghanistan China
71%
Italy France
71%
Burkina Faso Ghana
71%
Ukraine Hungary
71%
Burkina Faso Ivory Coast
71%
Burkina Faso Niger
71%
Ukraine Poland
71%
Ukraine Romania
71%
Italy San Marino
71%
Ukraine Slovakia
71%
Italy Slovenia
71%
Burkina Faso Togo
71%
Burkina Faso Mali
57%
Ukraine Moldova
57%
No matching quizzes found
Score Distribution
Percent of People with Each Score
Percentile by Number Answered
Your Score History
You have not taken this quiz